مكتبة جامعة عجلون الوطنية

فهرس بحث المكتبة

مجرى الانهر على ملتقى الابحر للامام نور الدين محمود بن بركات بن محمد الباقاني(ت974)-دراسة وتحقيق- من مقدمة المخطوط الى نهاية كتاب الصلاة=The course of the rivers on the Forum Abhar The imam of Nur al-Din bin Mahmoud bin Mohammed Barakat Albaghani -Study and investigation- Introduction of the manuscript to the end of the prayer book (Record no. 29508)

MARC details
000 -LEADER
fixed length control field 01474nam a2200229Ii 4500
003 - CONTROL NUMBER IDENTIFIER
control field JO-AjNU
005 - DATE AND TIME OF LATEST TRANSACTION
control field 20240623134419.0
008 - FIXED-LENGTH DATA ELEMENTS--GENERAL INFORMATION
fixed length control field 230605s9999||||xx |||||||||||||| ||und||
040 ## - CATALOGING SOURCE
Original cataloging agency JO-AjNU
Language of cataloging ara
Description conventions rda
Transcribing agency JO-AjNU
041 ## - LANGUAGE CODE
Language code of text/sound track or separate title ara
050 14 - LIBRARY OF CONGRESS CALL NUMBER
Classification number BP144 2015
100 ## - MAIN ENTRY--PERSONAL NAME
Personal name الغراغير، يوسف ابراهيم احمد
Relator term معد
9 (RLIN) 65477
245 00 - TITLE STATEMENT
Title مجرى الانهر على ملتقى الابحر للامام نور الدين محمود بن بركات بن محمد الباقاني(ت974)-دراسة وتحقيق- من مقدمة المخطوط الى نهاية كتاب الصلاة=The course of the rivers on the Forum Abhar The imam of Nur al-Din bin Mahmoud bin Mohammed Barakat Albaghani -Study and investigation- Introduction of the manuscript to the end of the prayer book
264 31 - PRODUCTION, PUBLICATION, DISTRIBUTION, MANUFACTURE, AND COPYRIGHT NOTICE
Place of production, publication, distribution, manufacture عمان: جامعة العلوم الاسلامية،كلية الدراسات العليا قسم الفقه واصوله، 2015
300 ## - PHYSICAL DESCRIPTION
Extent 313ص
Other physical details رسالة جامعية (دكتوراة في تخصص الفقه واصوله)--جامعة العلوم الاسلامية العالمية، كلية الدراسات العليا، عمان)، 2015، يشتمل على ببلوغرافيا
336 ## - CONTENT TYPE
Content type term text
Content type code txt
Source rdacontent
337 ## - MEDIA TYPE
Media type term unmediated
Media type code n
Source rdamedia
338 ## - CARRIER TYPE
Carrier type term volume
Carrier type code nc
Source rdacarrier
650 #4 - SUBJECT ADDED ENTRY--TOPICAL TERM
Topical term or geographic name entry element الفقه الاسلامي
9 (RLIN) 57834
700 ## - ADDED ENTRY--PERSONAL NAME
Personal name الزيادات، عماد عبد الحفيظ
9 (RLIN) 65478
Relator term مشرف
942 ## - ADDED ENTRY ELEMENTS (KOHA)
Source of classification or shelving scheme Library of Congress Classification
Koha item type Thesis
Holdings
Withdrawn status Lost status Source of classification or shelving scheme Damaged status Not for loan Home library Current library Shelving location Date acquired Total Checkouts Full call number Barcode Date last seen Price effective from Koha item type
    Library of Congress Classification     مكتبة جامعة عجلون الوطنية مكتبة جامعة عجلون الوطنية المراجع 06/06/2023   BP144 2015 A25940 06/06/2023 06/06/2023 Reference